[Event "Open A plancoet 2013"]
[Site "?"]
[Date "2013.07.30"]
[Round "4"]
[White "Vinsot, Robin-Gaël"]
[Black "Guliyev, Namig"]
[Result "0-1"]
[WhiteElo "2143"]
[BlackElo "2569"]
[Annotator "Pierre-Jean Allory"]
[PlyCount "32"]

1. e4 c5 2. Nf3 d6 3. d4 cxd4 4. Nxd4 Nf6 5. Nc3 a6 6. Be2 e6 7. Be3 Qc7 8. O-O
b5 9. a3 Bb7 10. f3 Nbd7 11. g4 h6 12. Qe1 Be7 13. Rd1 Ne5 14. Qg3 Nc4 15. Bc1
Nxa3 16. Ncxb5 Nxb5 0-1

[Event "Open A plancoet 2013"]
[Site "?"]
[Date "2013.07.30"]
[Round "4"]
[White "Manea, Alexandru"]
[Black "Bernard, Jacques"]
[Result "1/2-1/2"]
[WhiteElo "2389"]
[BlackElo "2211"]
[Annotator "Pierre-Jean Allory"]
[PlyCount "38"]

1. d4 f5 2. g3 Nf6 3. Bg2 e6 4. c4 c6 5. Nc3 d5 6. Nh3 Be7 7. O-O O-O 8. b3 Ne4
9. Bb2 Bf6 10. e3 g5 11. Ne2 b5 12. cxb5 cxb5 13. f3 Nd6 14. Nf2 a5 15. e4 dxe4
16. fxe4 Nxe4 17. Nxe4 fxe4 18. Bxe4 Ra7 19. Rf3 b4 1/2-1/2

[Event "Open B Plancoet 2013"]
[Site "?"]
[Date "2013.07.30"]
[Round "3"]
[White "Vedmediuc"]
[Black "Ashanina, O."]
[Result "1-0"]
[WhiteElo "2460"]
[BlackElo "2011"]
[Annotator "Lemasle R"]
[PlyCount "97"]

1. e4 c5 2. Nf3 d6 3. d4 cxd4 4. Nxd4 Nf6 5. Nc3 g6 6. Be3 Bg7 7. f3 O-O 8. Qd2
Nc6 9. Bc4 Bd7 10. O-O-O Ne5 11. Bb3 Rc8 12. Kb1 Nc4 13. Bxc4 Rxc4 14. g4 b5
15. Ndxb5 Bxb5 16. Nxb5 Qb8 17. Nd4 Rfc8 18. b3 e5 19. Ne2 d5 20. g5 d4 21.
gxf6 dxe3 22. Qxe3 Bxf6 23. c3 a5 24. Ka1 R4c6 25. Rd5 Qc7 26. Rhd1 Ra6 27. Qd3
Raa8 28. Rd7 Qc5 29. Qd6 Rc6 30. Qxc5 Rxc5 31. Kb2 Rcc8 32. R1d5 Kg7 33. Rb7
Rd8 34. Rdd7 Rxd7 35. Rxd7 Bd8 36. Nc1 Kf6 37. Nd3 Rc8 38. a3 Ke6 39. Nc5+ Rxc5
40. Rxd8 f5 41. b4 Rc7 42. Kb3 axb4 43. axb4 f4 44. b5 g5 45. h3 h5 46. c4 g4
47. hxg4 hxg4 48. fxg4 f3 49. Rd1 1-0

[Event "Open B Plancoet 2013"]
[Site "?"]
[Date "2013.07.30"]
[Round "2"]
[White "Kukov, V."]
[Black "Vovk, Y."]
[Result "1-0"]
[WhiteElo "2370"]
[BlackElo "2608"]
[Annotator "Lemasle R"]
[PlyCount "101"]

1. Nf3 Nf6 2. c4 g6 3. Nc3 d5 4. Qa4+ Bd7 5. Qb3 dxc4 6. Qxc4 Bg7 7. Ne5 Be6 8.
Qb5+ Nbd7 9. Nxd7 Qxd7 10. Qxd7+ Kxd7 11. e4 c5 12. Bb5+ Kc7 13. d3 Ng4 14. f3
Ne5 15. Bf4 Kb6 16. Bxe5 Bxe5 17. Bc4 Bxc4 18. dxc4 Ka5 19. O-O-O Rhd8 20. Kc2
e6 21. a3 a6 22. g3 b5 23. f4 Bd4 24. cxb5 axb5 25. e5 b4 26. axb4+ Kxb4 27.
Ra1 Kc4 28. Ne4 Rdb8 29. Nd6+ Kd5 30. Rxa8 Rxa8 31. Nxf7 c4 32. Ng5 Rb8 33. Rb1
Rb3 34. Nxh7 Ke4 35. Ng5+ Kf5 36. Nf7 Ke4 37. Nd6+ Kd5 38. Ne8 Ke4 39. Nd6+ Kd5
40. Ne8 Ke4 41. Nd6+ Kd5 42. Nc8 Ke4 43. Ne7 Re3 44. Rd1 Rb3 45. Rb1 Re3 46.
Rd1 c3 47. bxc3 Rxc3+ 48. Kd2 Rc7 49. Nxg6 Be3+ 50. Ke1 Rc2 51. Nh4 {suite
illisible - les blancs gagnent en 61 coups} 1-0

[Event "Open A Plancoet 2013"]
[Site "?"]
[Date "2013.07.30"]
[Round "3"]
[White "Meng, R."]
[Black "Lintchevski, D."]
[Result "0-1"]
[WhiteElo "2307"]
[BlackElo "2559"]
[Annotator "Lemasle"]
[PlyCount "86"]

1. d4 Nf6 2. Nf3 e6 3. c4 c5 4. d5 d6 5. Nc3 exd5 6. cxd5 g6 7. g3 Bg7 8. Bg2
O-O 9. O-O Re8 10. Bf4 Na6 11. Nd2 Nh5 12. Be3 Nc7 13. a4 b6 14. Nc4 Ba6 15.
Na3 Qd7 16. Bf3 Re5 17. Qb3 Rae8 18. Ncb5 Bxb5 19. axb5 Rxe3 20. fxe3 Rxe3 21.
Qa4 Bxb2 22. Ra2 Bxa3 23. Rxa3 Rxa3 24. Qxa3 Nxb5 25. Qa4 Nf6 26. e3 Nd4 27.
Bd1 Qxa4 28. Bxa4 Ne2+ 29. Kf2 Nc3 30. Bc6 Kf8 31. Ke1 Ke7 32. Kd2 Ncxd5 33.
Bb5 Nc7 34. Bd3 b5 35. Ra1 a6 36. e4 Nd7 37. Kc3 Ne5 38. Be2 Kd7 39. h4 Kc6 40.
h5 Kb6 41. h6 a5 42. Rd1 Kc6 43. Ra1 a4 0-1

[Event "Open A Plancoet 2013"]
[Site "?"]
[Date "2013.07.30"]
[Round "3"]
[White "Biton, B."]
[Black "Arghyadip, D."]
[Result "1/2-1/2"]
[WhiteElo "2295"]
[BlackElo "2493"]
[Annotator "Lemasle R"]
[PlyCount "70"]

1. d4 g6 2. c4 Bg7 3. Nc3 c5 4. d5 f5 5. Qc2 e5 6. e4 d6 7. Bd3 Ne7 8. f4 O-O
9. Nge2 Nd7 10. O-O a6 11. Kh1 Rb8 12. a4 exf4 13. Nxf4 Ne5 14. Ne6 Bxe6 15.
dxe6 N7c6 16. Nd5 fxe4 17. Be2 Qh4 18. Bf4 Nd4 19. Qxe4 Nxe6 20. g3 Qh3 21.
Bxe5 Bxe5 22. Nf6+ Rxf6 23. Rxf6 Bxf6 24. Bg4 Qh6 25. Qxe6+ Kg7 26. Rf1 {(=)}
Rf8 27. Qxd6 Qe3 28. Qd5 Rf7 29. Qf3 Qd4 30. b3 Re7 31. Bc8 b6 32. Bxa6 Re3 33.
Qb7+ Re7 34. Qf3 Re3 35. Qb7+ Re7 1/2-1/2

[Event "Open A Plancoet2013"]
[Site "?"]
[Date "2013.07.30"]
[Round "3"]
[White "Dgebuadze, A."]
[Black "Leroy, D."]
[Result "1-0"]
[WhiteElo "2570"]
[BlackElo "2305"]
[Annotator "Lemasle R"]
[PlyCount "85"]
[SourceDate "2013.07.30"]

1. d4 Nf6 2. Nf3 d5 3. c4 e6 4. e3 a6 5. Nbd2 b6 6. Bd3 Bb7 7. cxd5 exd5 8. O-O
Bd6 9. Ne5 O-O 10. f4 c5 11. Rf3 Nc6 12. Rh3 g6 13. Ndf3 Qc8 14. Qe1 Be7 15.
Ng5 Nxe5 16. fxe5 Nh5 17. Nxh7 Kxh7 18. Rxh5+ Kg7 19. Qg3 Rh8 20. Rxh8 Qxh8 21.
e6 Qh4 22. Qxh4 Bxh4 23. exf7 Bf6 24. dxc5 bxc5 25. Bd2 Kxf7 26. Rf1 Kg7 27. b3
Rd8 28. Rc1 c4 29. Be2 Bc8 30. Bc3 Be6 31. Bd4 Bxd4 32. exd4 Rb8 33. Rc3 a5 34.
Kf2 Kf6 35. Ke3 Rb4 36. h4 a4 37. bxc4 dxc4 38. Bf3 Rb2 39. d5 Bd7 40. Rxc4 Ke5
41. Rc7 Bf5 42. g4 Bb1 43. Rc6 1-0

[Event "Open A plancoet 2013"]
[Site "?"]
[Date "2013.07.30"]
[Round "4"]
[White "Louis, Corentin"]
[Black "Konguvel, Pavel"]
[Result "0-1"]
[WhiteElo "2008"]
[BlackElo "2319"]
[Annotator "Pierre-Jean Allory"]
[PlyCount "48"]

1. d4 Nf6 2. c4 g6 3. Nc3 d5 4. e3 Bg7 5. Qb3 e6 6. Qa3 a5 7. Bd2 c6 8. b3 Na6
9. Nf3 Ne4 10. Nxe4 dxe4 11. Ng1 c5 12. Bxa5 Nb4 13. Qxb4 Rxa5 14. Qd2 cxd4 15.
exd4 Qxd4 16. Rd1 Qxd2+ 17. Rxd2 Bc3 18. a4 Ke7 19. Kd1 Bxd2 20. Kxd2 Rd8+ 21.
Ke3 Rd1 22. Nh3 Rb1 23. Kxe4 Rxb3 24. Bd3 e5 0-1

[Event "Open A plancoet 2013"]
[Site "?"]
[Date "2013.07.30"]
[Round "4"]
[White "Ashanina, Olga"]
[Black "Tugui, Adrian"]
[Result "0-1"]
[WhiteElo "2011"]
[BlackElo "2387"]
[Annotator "Pierre-Jean Allory"]
[PlyCount "58"]

1. e4 c5 2. Nf3 a6 3. d4 cxd4 4. Nxd4 Nf6 5. Bd3 e5 6. Nb3 d5 7. exd5 Nxd5 8.
O-O Nc6 9. Be4 Be6 10. Bxd5 Qxd5 11. Qe2 Qc4 12. Qxc4 Bxc4 13. Re1 O-O-O 14.
Be3 Kc7 15. N1d2 Bd5 16. a3 Be7 17. Rad1 f5 18. f3 b6 19. Nc1 Bf6 20. b3 Bf7
21. Nd3 Rhe8 22. Nb4 Nxb4 23. axb4 Be7 24. c3 Rd3 25. f4 Rxc3 26. fxe5 Bxb4 27.
Bd4 Rd3 28. Nc4 Bxc4 29. bxc4 Rxd4 0-1

[Event "Open A plancoet 2013"]
[Site "?"]
[Date "2013.07.30"]
[Round "4"]
[White "Mazet, Julien"]
[Black "Terrieux, Kevin"]
[Result "0-1"]
[WhiteElo "2217"]
[BlackElo "2422"]
[Annotator "Pierre-Jean Allory"]
[PlyCount "54"]

1. d4 Nf6 2. Nf3 g6 3. c4 c5 4. Nc3 cxd4 5. Nxd4 Bg7 6. e4 d6 7. Be2 Nc6 8. Be3
O-O 9. O-O Bd7 10. Rc1 Nxd4 11. Bxd4 Bc6 12. f3 Nd7 13. Bxg7 Kxg7 14. Qd4+ Kg8
15. Rfd1 a5 16. b3 Qb8 17. Bf1 Nc5 18. Qf2 e5 19. Rd2 Qc7 20. Rcd1 Rad8 21. Kh1
f5 22. exf5 Rxf5 23. Qe3 Rdf8 24. Bd3 Rxf3 25. Qe2 Nxd3 26. Rxd3 Rf2 27. Qe1
Bxg2+ 0-1

[Event "Open A plancoet 2013"]
[Site "?"]
[Date "2013.07.31"]
[Round "5"]
[White "Dgebuadze, Alexandre"]
[Black "Lintchevski, Daniil"]
[Result "1/2-1/2"]
[WhiteElo "2520"]
[BlackElo "2529"]
[Annotator "Pierre-Jean Allory"]
[PlyCount "51"]

1. e4 c6 2. d4 d5 3. Nc3 dxe4 4. Nxe4 Bf5 5. Ng3 Bg6 6. h4 h6 7. Nf3 Nd7 8. h5
Bh7 9. Bd3 Bxd3 10. Qxd3 e6 11. Bd2 Ngf6 12. O-O-O Be7 13. Ne4 Nxe4 14. Qxe4
Nf6 15. Qe2 Qd5 16. c4 Qe4 17. Qxe4 Nxe4 18. Be3 Nd6 19. b3 b5 20. c5 Ne4 21.
Kc2 Nf6 22. Ne5 Rc8 23. a4 b4 24. Bf4 Nd5 25. Bh2 O-O 26. Nc4 $11 1/2-1/2

[Event "Open A plancoet 2013"]
[Site "?"]
[Date "2013.07.30"]
[Round "4"]
[White "Bergez, L."]
[Black "Bleuven, A."]
[Result "0-1"]
[WhiteElo "2395"]
[BlackElo "2272"]
[Annotator "Lemasle R"]
[PlyCount "70"]
[SourceDate "2013.07.31"]

1. d4 Nf6 2. c4 e6 3. Nf3 b6 4. e3 Bb7 5. Be2 d5 6. O-O Bd6 7. b3 O-O 8. Bb2
Nbd7 9. Nbd2 c5 10. dxc5 bxc5 11. Qc2 Qc7 12. Rfd1 Ne4 13. Nxe4 dxe4 14. Ng5
Bxh2+ 15. Kh1 Nf6 16. Bxf6 gxf6 17. Nxe4 Be5 18. Rab1 f5 19. Nd2 Kh8 20. Bf3
Rg8 21. Bxb7 Qxb7 22. f3 Rg6 23. Nf1 Rag8 24. Qe2 Qe7 25. f4 Qh4+ 26. Kg1 Qh3
27. Rd2 Bf6 28. b4 Bc3 29. Rc2 cxb4 30. c5 Rh6 31. g3 Qh1+ 32. Kf2 Rxg3 33.
Rxc3 Rg2+ 34. Ke1 Rxe2+ 35. Kxe2 bxc3 0-1

[Event "Open A plancoet 2013"]
[Site "?"]
[Date "2013.07.30"]
[Round "4"]
[White "Bianchi, G."]
[Black "Epishin, V."]
[Result "0-1"]
[WhiteElo "2172"]
[BlackElo "2598"]
[Annotator "Lemasle R"]
[PlyCount "84"]
[SourceDate "2013.07.31"]

1. Nf3 g6 2. d4 Bg7 3. c4 c5 4. d5 e5 5. dxe6 fxe6 6. Nc3 Nf6 7. Qd6 Qe7 8. Bf4
Qxd6 9. Bxd6 b6 10. e3 Bb7 11. Bd3 Nc6 12. Rd1 Bf8 13. Nb5 Kf7 14. Bb1 a6 15.
Bxf8 axb5 16. cxb5 Na7 17. Bh6 Bxf3 18. gxf3 Nxb5 19. Bd3 Nc7 20. a3 d5 21. Bf4
Rhc8 22. Rb1 c4 23. Bc2 b5 24. Kd2 Na6 25. Kc3 Nc5 26. Rbd1 Ra6 27. h4 Na4+ 28.
Bxa4 bxa4 29. Kc2 Rb6 30. Be5 Nd7 31. Bc3 Nc5 32. Bd4 Rb3 33. Bxc5 Rxc5 34. Rd4
e5 35. Rdd1 Rcb5 36. Rb1 d4 37. exd4 exd4 38. Rhd1 d3+ 39. Kc1 Re5 40. Rd2 Re1+
41. Rd1 Rxd1+ 42. Kxd1 c3 0-1

[Event "Open A Plancoet 2013"]
[Site "?"]
[Date "2013.07.30"]
[Round "4"]
[White "Lintchevski, D."]
[Black "Bailet, P."]
[Result "1-0"]
[WhiteElo "2529"]
[BlackElo "2476"]
[Annotator "Lemasle R"]
[PlyCount "73"]

1. e4 c5 2. Nf3 Nc6 3. d4 cxd4 4. Nxd4 Nf6 5. Nc3 e5 6. Ndb5 d6 7. Bg5 a6 8.
Na3 b5 9. Nd5 Be7 10. Bxf6 Bxf6 11. c4 b4 12. Nc2 a5 13. g3 O-O 14. h4 Ne7 15.
Nxf6+ gxf6 16. Qd2 Kh8 17. Rd1 Bg4 18. Be2 Bxe2 19. Qxe2 Rc8 20. Ne3 Qd7 21.
Qf3 Qe6 22. b3 Rg8 23. O-O Rcd8 24. Kh2 Nc6 25. Nf5 Ne7 26. Nxe7 Qxe7 27. Rd5
Ra8 28. Rfd1 Rgd8 29. Qd3 a4 30. c5 axb3 31. axb3 Ra2 32. Rd2 Rxd2 33. Qxd2 Qa7
34. Rxd6 Rc8 35. Qh6 Qxc5 36. Qxf6+ Kg8 37. Rd7 1-0

[Event "Open A Plancoet 2013"]
[Site "?"]
[Date "2013.07.30"]
[Round "4"]
[White "Tirard, H."]
[Black "Vednediuc, S."]
[Result "1-0"]
[WhiteElo "2421"]
[BlackElo "2460"]
[Annotator "Lemasle R"]
[PlyCount "140"]

1. e4 c6 2. d4 d5 3. e5 Bf5 4. Nf3 e6 5. Be2 c5 6. O-O Nc6 7. c3 h6 8. Nbd2
cxd4 9. Nxd4 Nge7 10. Qb3 Nxd4 11. cxd4 Nc6 12. Qxb7 Nxd4 13. Bb5+ Nxb5 14.
Qc6+ Ke7 15. Qxb5 Qb6 16. Qa4 Rc8 17. Nf3 Rc4 18. Qd1 Kd7 19. b3 Rc7 20. Be3
Qa6 21. Nd4 Bg6 22. a4 Qa5 23. Qe2 a6 24. b4 Qxb4 25. Qxa6 Bc5 26. Nb5 Bxe3 27.
Nxc7 Bc5 28. Rfc1 Rb8 29. Nb5 Bd3 30. Kh1 Bc4 31. Rab1 Qd2 32. Rd1 Qxf2 33. Qa5
Bb6 34. Qb4 Qc5 35. Qe1 Bc7 36. Nxc7 Qxc7 37. Qg3 g5 38. Qf2 Ke8 39. Qf6 Rxb1
40. Rxb1 Ba6 41. Qh8+ Kd7 42. Qf8 Qxe5 43. Qxf7+ Kd8 44. Qa7 Qe4 45. Qb6+ Ke8
46. Rc1 Bc4 47. Qb4 Kf7 48. a5 Qe2 49. Qc3 h5 50. Kg1 h4 51. Re1 Qa2 52. Qe3 d4
53. Qxg5 h3 54. gxh3 Ke8 55. Qg8+ Ke7 56. Qg7+ Ke8 57. Qg8+ Ke7 58. Qh7+ Kd6
59. Qg7 Bd5 60. Qg3+ Kd7 61. Rc1 e5 62. Qg7+ Kd6 63. Re1 Be4 64. a6 d3 65. Rxe4
Qa1+ 66. Kf2 Qb2+ 67. Kf3 d2 68. Qf6+ Kd7 69. Qf5+ Kd8 70. Ke2 d1=Q+ 1-0

[Event "Open A Plancoet 2013"]
[Site "?"]
[Date "2013.07.30"]
[Round "4"]
[White "Jianu, V."]
[Black "Mladenov, P."]
[Result "1-0"]
[WhiteElo "2560"]
[BlackElo "2405"]
[Annotator "Lemasle R"]
[PlyCount "111"]

1. Nf3 Nf6 2. c4 c5 3. g3 b6 4. Bg2 Bb7 5. O-O e6 6. Nc3 Be7 7. Re1 Ne4 8. Nxe4
Bxe4 9. d3 Bb7 10. e4 d6 11. d4 cxd4 12. Nxd4 O-O 13. b3 a6 14. Ba3 Qc7 15. Qd2
Nc6 16. Rad1 Nxd4 17. Qxd4 Rfd8 18. Re2 b5 19. cxb5 axb5 20. Bb4 Bf8 21. Red2
Rac8 22. h4 Qc6 23. Kh2 f5 24. Re2 fxe4 25. Bxe4 d5 26. Bg2 Bxb4 27. Qxb4 Rc7
28. Rde1 Bc8 29. Bh3 Qc5 30. Qxc5 Rxc5 31. Kg2 Bb7 32. Bxe6+ Kf8 33. Bg4 d4+
34. Bf3 Bxf3+ 35. Kxf3 Rc3+ 36. Kg2 b4 37. Rd2 d3 38. Kf3 Rc2 39. Rxc2 dxc2 40.
Rc1 Rc8 41. Ke2 Rc3 42. Kd2 Rf3 43. Rf1 Kf7 44. Kxc2 Kf6 45. Kd2 Kf5 46. Ke2
Rc3 47. Rd1 Ke4 48. Rd7 Rc2+ 49. Kf1 h5 50. Rb7 Rxa2 51. Rxb4+ Kf5 52. Rb5+ Kg6
53. Rg5+ Kh6 54. b4 Rb2 55. b5 g6 56. f4 1-0

[Event "Open A plancoet 2013"]
[Site "?"]
[Date "2013.07.31"]
[Round "5"]
[White "Mladenov, Plamen"]
[Black "Purenne, Benoit"]
[Result "1-0"]
[WhiteElo "2405"]
[BlackElo "2223"]
[Annotator "Pierre-Jean Allory"]
[PlyCount "57"]

1. c4 Nf6 2. Nc3 c5 3. g3 g6 4. Bg2 Bg7 5. Nf3 Nc6 6. O-O O-O 7. d4 cxd4 8.
Nxd4 d6 9. Nxc6 bxc6 10. Bxc6 Bh3 11. Bxa8 Qxa8 12. Nd5 Bxf1 13. Nxe7+ Kh8 14.
Qxf1 Qe4 15. Nd5 Nxd5 16. cxd5 Qxd5 17. Be3 Bxb2 18. Qd1 Qe6 19. Rb1 Be5 20.
Qa4 h5 21. Qxa7 Kg7 22. Qa4 h4 23. Qxh4 Rh8 24. Qe4 Rxh2 25. f4 Qh3 26. Bf2
Rxf2 27. Kxf2 Qh2+ 28. Qg2 Qh5 29. Rd1 1-0

[Event "?"]
[Site "?"]
[Date "2013.07.31"]
[Round "5"]
[White "Tirard, H."]
[Black "Jianu, V."]
[Result "0-1"]
[WhiteElo "2421"]
[BlackElo "2560"]
[Annotator "Lemasle"]
[PlyCount "77"]

1. e4 c5 2. Nf3 d6 3. Bc4 Nf6 4. d3 Nc6 5. c3 g6 6. O-O Bg7 7. Bb3 O-O 8. Re1
b5 9. Nbd2 e5 10. a4 b4 11. Nc4 h6 12. h3 Rb8 13. Be3 Be6 14. a5 Re8 15. Ba4
Qc7 16. cxb4 Rxb4 17. Qc1 Bxc4 18. dxc4 Kh7 19. Nd2 Reb8 20. Bb5 Nxa5 21. Ra3
a6 22. Bxa6 Rxb2 23. Qc3 R2b4 24. Bb5 Nc6 25. Ra6 Rb6 26. Rxb6 Qxb6 27. Ra1 Nd4
28. Bxd4 exd4 29. Qd3 Qc7 30. Ra6 Rb2 31. Nf3 Qe7 32. Bc6 Rb4 33. Nd2 Nh5 34.
Nf3 Rb2 35. Ra1 Nf4 36. Qa3 d3 37. Rd1 Re2 38. Kf1 Rc2 39. Qb3 0-1

[Event "Open A Plancoet 2013"]
[Site "?"]
[Date "2013.07.31"]
[Round "5"]
[White "Bleuven, A."]
[Black "Vovk, Y."]
[Result "0-1"]
[WhiteElo "2221"]
[BlackElo "2608"]
[Annotator "Lemasle"]
[PlyCount "110"]

1. d4 Nf6 2. c4 e6 3. Nc3 Bb4 4. e3 d5 5. cxd5 exd5 6. Bd3 O-O 7. Nge2 Re8 8.
Bd2 Bd6 9. Rc1 c6 10. Ng3 Nbd7 11. O-O Nb6 12. f3 Be6 13. Nce2 h5 14. Re1 h4
15. Nf1 Bc7 16. b3 Nc8 17. Qc2 Nh5 18. e4 dxe4 19. fxe4 Bg4 20. Be3 Ne7 21. h3
Be6 22. Bg5 Qd7 23. Bxh4 Bxh3 24. Bxe7 Rxe7 25. gxh3 Qxh3 26. e5 Rxe5 27. dxe5
Bb6+ 28. Nd4 Bxd4+ 29. Ne3 Bxe3+ 30. Rxe3 Qxe3+ 31. Kh1 Nf4 32. Bc4 Rd8 33. Rf1
Rd2 34. Qf5 Nd5 35. Qxf7+ Kh7 36. Qf5+ Kh6 37. Rg1 Ne7 38. Qg4 g5 39. Bf1 Kg7
40. Bc4 b5 41. Bf1 Qxe5 42. Qh5 Qe4+ 43. Bg2 Qg6 44. Qg4 Qh6+ 45. Bh3 Rd3 46.
Kh2 Qd6+ 47. Kh1 Ng6 48. Bg2 Rg3 49. Qe4 Nf4 50. Rf1 Qh6+ 51. Kg1 Nh3+ 52. Kh2
Nf2+ 53. Kxg3 Nxe4+ 54. Bxe4 Qh4+ 55. Kf3 Qf4+ 0-1

[Event "Open A Plancoet 2013"]
[Site "?"]
[Date "2013.07.31"]
[Round "5"]
[White "O'Donnell, C."]
[Black "De Wit, T."]
[Result "0-1"]
[WhiteElo "2089"]
[BlackElo "2293"]
[Annotator "Lemasle"]
[PlyCount "146"]
[EventDate "2013.??.??"]

1. e4 g6 2. d4 Bg7 3. Nc3 d6 4. f4 Nf6 5. Nf3 O-O 6. Be3 b6 7. Qd2 Bb7 8. e5
Ng4 9. O-O-O c5 10. dxc5 bxc5 11. Bxc5 Qa5 12. Ba3 dxe5 13. Nd5 Qxd2+ 14. Rxd2
Bxd5 15. Rxd5 exf4 16. Bxe7 Rc8 17. Rd8+ Rxd8 18. Bxd8 Nc6 19. Bg5 Nb4 20. Bxf4
Rc8 21. Ne1 Nxa2+ 22. Kb1 Nb4 23. Be2 Nf6 24. c3 Nbd5 25. Bc1 Ne4 26. Bf3
Ndxc3+ 27. bxc3 Nxc3+ 28. Ka1 Rb8 29. Bb2 Rb5 30. Bxc3 Bxc3+ 31. Ka2 Rb2+ 32.
Ka1 Re2+ 33. Kb1 Rxe1+ 34. Rxe1 Bxe1 35. Kc2 a5 36. Bc6 f5 37. Kd3 Kf7 38. Kc4
Bh4 39. Kb5 Bd8 40. Kc4 Bc7 41. h3 Kf6 42. Kd4 Bd6 43. Ba4 Bb4 44. Bd7 Kg5 45.
Ke3 Bc5+ 46. Kf3 Kf6 47. Ke2 Ke5 48. Kd3 Kf4 49. Ke2 Kg3 50. Kf1 Bb6 51. Ba4 f4
52. Bd1 g5 53. Bc2 h5 54. Ba4 g4 55. Bd7 Bc5 56. hxg4 hxg4 57. Bc6 f3 58. gxf3
gxf3 59. Be8 f2 60. Bc6 Bd6 61. Ke2 Kf4 62. Bb5 Kg3 63. Bc6 Bc5 64. Kf1 Bb4 65.
Ba4 Kf3 66. Bc6+ Ke3 67. Bb5 Be1 68. Ba4 Kd2 69. Bb5 Kc3 70. Ke2 Kb4 71. Bd3 a4
72. Kd1 Kc3 73. Bb5 a3 0-1

[Event "Open A Plancoet 2013"]
[Site "?"]
[Date "2013.07.31"]
[Round "5"]
[White "Vedmediuc, S."]
[Black "Deslandes, P."]
[Result "0-1"]
[WhiteElo "2460"]
[BlackElo "2279"]
[Annotator "Bleuzen Erwan"]
[PlyCount "86"]
[EventDate "2013.??.??"]

1. d4 Nf6 2. c4 g6 3. Nc3 Bg7 4. e4 d6 5. Nf3 O-O 6. Be2 e5 7. O-O Nc6 8. d5
Ne7 9. Ne1 Nd7 10. Nd3 f5 11. f3 f4 12. Bd2 g5 13. Rc1 Ng6 14. c5 Nf6 15. Nb5
Rf7 16. Ba5 b6 17. cxd6 cxd6 18. Be1 a6 19. Nc3 h5 20. Nb4 g4 21. Nc6 Qf8 22.
Qb3 Rb7 23. Qa3 g3 24. Nb5 Rd7 25. Bb4 Ne8 26. Nba7 Rdxa7 27. Nxa7 Bd7 28. Qxa6
Qe7 29. Rc2 Qh4 30. h3 Bxh3 31. gxh3 Qxh3 32. Bd3 Nh4 33. Be1 Bf6 34. Rff2
gxf2+ 35. Rxf2 Nxf3+ 36. Rxf3 Qxf3 37. Qb7 Qg4+ 38. Kh2 Rd8 39. Bb5 Bh4 40.
Qxb6 Bxe1 41. Qxd8 Qg3+ 42. Kh1 Qf3+ 43. Kh2 Bg3+ 0-1

[Event "Open A plancoet 2013"]
[Site "?"]
[Date "2013.08.01"]
[Round "6"]
[White "Ashanina, Olga"]
[Black "Bouget, Alexandre"]
[Result "0-1"]
[WhiteElo "2011"]
[BlackElo "2257"]
[Annotator "Pierre-Jean Allory"]
[PlyCount "46"]

1. e4 e5 2. Nf3 Nc6 3. Bb5 a6 4. Ba4 Nf6 5. O-O Be7 6. h3 b5 7. Bb3 O-O 8. Re1
Bb7 9. c3 d5 10. exd5 Nxd5 11. d3 Qd7 12. Be3 Rad8 13. Bc2 f5 14. Bg5 Bxg5 15.
Nxg5 h6 16. c4 Nf4 17. Bb3 hxg5 18. cxb5+ Kh8 19. bxc6 Qxc6 20. Qf3 Qxf3 21.
gxf3 Rxd3 22. Rxe5 Rxf3 23. Nd2 Nxh3+ 0-1

[Event "Open A plancoet 2013"]
[Site "?"]
[Date "2013.08.01"]
[Round "6"]
[White "Deslandes, Pascal"]
[Black "Tirard, Hugo"]
[Result "1/2-1/2"]
[WhiteElo "2279"]
[BlackElo "2421"]
[Annotator "Pierre-Jean Allory"]
[PlyCount "80"]
[EventDate "2013.??.??"]

1. e4 c5 2. c3 Nf6 3. e5 Nd5 4. d4 cxd4 5. cxd4 d6 6. Nf3 Nc6 7. Bc4 e6 8. O-O
Be7 9. Qe2 O-O 10. Rd1 Bd7 11. Bxd5 exd5 12. Nc3 Be6 13. Bf4 a6 14. Rac1 Re8
15. Bg3 Rc8 16. Qd3 dxe5 17. Nxe5 Nxe5 18. Bxe5 Qa5 19. Qg3 f6 20. Bd6 Bxd6 21.
Qxd6 Rc6 22. Qf4 b5 23. a3 b4 24. axb4 Qxb4 25. Rd2 Bf7 26. Rcd1 Qc4 27. h4 Rb6
28. Ra1 Rbe6 29. Kh2 h6 30. Qf3 Re1 31. Rxe1 Rxe1 32. Rd1 Re7 33. Qd3 Qc8 34.
Rd2 Qg4 35. Qg3 Qh5 36. Rd1 Kh7 37. Ra1 Rb7 38. Rxa6 Rxb2 39. Ra7 Rc2 40. Rc7
Rd2 1/2-1/2

[Event "Plancoët A"]
[Site "?"]
[Date "2013.08.01"]
[Round "6.2"]
[White "Lintchevski, Daniil"]
[Black "Mladenov, Plamen"]
[Result "*"]
[WhiteElo "2529"]
[BlackElo "2405"]
[Annotator "Doe,John"]
[PlyCount "53"]

1. e4 e5 2. Nf3 Nc6 3. Bb5 a6 4. Ba4 Nf6 5. O-O b5 6. Bb3 Bc5 7. d3 O-O 8. a4
Rb8 9. axb5 axb5 10. Nc3 d6 11. Bg5 h6 12. Bxf6 Qxf6 13. Nd5 Qd8 $11 14. c3 Bg4
15. h3 Bxf3 16. Qxf3 b4 17. Bc4 Ne7 18. Ra6 Nxd5 19. Bxd5 bxc3 20. bxc3 Rb2 21.
Ra2 Rxa2 22. Bxa2 Bb6 23. Bd5 g6 24. Ra1 Kg7 25. Ra8 Qe7 26. Rxf8 Qxf8 27. g3 *

[Event "Plancoët A"]
[Site "?"]
[Date "2013.08.01"]
[Round "6.12"]
[White "Miron, Lucian-Costin"]
[Black "Najart, David"]
[Result "1-0"]
[WhiteElo "2544"]
[BlackElo "2156"]
[Annotator "Najart David"]
[PlyCount "105"]

1. d4 Nf6 2. g3 d5 3. Nf3 Bf5 4. Bg2 e6 5. O-O Be7 6. b3 O-O 7. Nh4 Be4 8. f3
Bg6 9. Nxg6 hxg6 10. Bb2 c5 11. e3 Nc6 12. Kh1 b5 13. Qe2 Qb6 14. Rd1 Rfd8 15.
Bf1 Rab8 $11 16. c3 a5 17. Na3 Na7 (17... c4 $17) 18. Nc2 b4 19. Rac1 Nc6 20.
dxc5 Bxc5 21. Nd4 bxc3 22. Bxc3 Nxd4 23. exd4 Ba3 24. Rc2 Rdc8 25. Qd2 Ra8 $2 (
25... Ne8) 26. Bxa5 Rxc2 27. Bxb6 Rxd2 28. Rxd2 Nd7 29. Bc7 Rc8 30. Ba5 Rb8 31.
Rc2 Kf8 32. Bc7 Rb7 33. Ba6 Ra7 34. Bb5 Ke7 35. Kg2 Rb7 36. Be2 Nb8 37. Be5 f6
38. Rc7+ Rxc7 39. Bxc7 Nc6 40. Bb6 Bb2 41. Bc5+ Kf7 42. Bb5 Nxd4 43. Bd7 e5 (
43... Nc2 44. Kf2 Ba3 45. Bxa3 Nxa3 46. b4 Ke7 47. Ba4 Kd6) 44. Kf2 Ne6 45. Bd6
Bd4+ 46. Ke2 Bg1 (46... Nc5 47. Bc6 Ke6 48. Bf8 Kf7 49. Bxc5 Bxc5 50. Bxd5+ Ke7
) 47. b4 Nd4+ 48. Kd1 Nxf3 49. a4 e4 50. a5 Ne5 51. Bb5 Ke6 52. Bc5 Bxc5 53.
bxc5 1-0

[Event "Open A plancoet 2013"]
[Site "?"]
[Date "2013.08.01"]
[Round "7"]
[White "Mladenov, Plamen"]
[Black "Deslandes, Pascal"]
[Result "1/2-1/2"]
[WhiteElo "2405"]
[BlackElo "2273"]
[Annotator "Pierre-Jean Allory"]
[PlyCount "88"]

1. Nc3 d5 2. d4 Nf6 3. Bg5 Nbd7 4. e4 dxe4 5. Qe2 e6 6. Nxe4 Be7 7. Bxf6 Nxf6
8. O-O-O Nxe4 9. Qxe4 Qd5 10. Qxd5 exd5 11. Re1 Be6 12. f4 O-O-O 13. Nf3 Bd6
14. g3 Bf5 15. Ne5 Rhf8 16. Bd3 Bxd3 17. Nxd3 Rde8 18. Kd2 f6 19. f5 Kd7 20.
Re3 Rxe3 21. Kxe3 Re8+ 22. Kf3 b6 23. Re1 Rxe1 24. Nxe1 c6 25. Nd3 Ke7 26. h3
Kd7 27. g4 Ke7 28. Ne1 Kd7 29. Ke2 Ke7 30. Kd3 Bf4 31. b3 Kd6 32. c4 Bg3 33.
Nc2 Bf4 34. a4 Bg5 35. b4 dxc4+ 36. Kxc4 a6 37. Kd3 b5 38. axb5 axb5 39. Ne3
Bh4 40. Ke4 Be1 41. Nc2 Bf2 42. Kf3 Bh4 43. Ke4 Bf2 44. Kf3 Bh4 1/2-1/2

[Event "Open A plancoet 2013"]
[Site "?"]
[Date "2013.08.01"]
[Round "7"]
[White "Bouget, Alexandre"]
[Black "Bryzgalin, Kirill"]
[Result "1/2-1/2"]
[WhiteElo "2257"]
[BlackElo "2470"]
[Annotator "Pierre-Jean Allory"]
[PlyCount "30"]

1. d4 d6 2. Nf3 Nf6 3. c4 Bg4 4. Nc3 c6 5. e3 Nbd7 6. h3 Bxf3 7. Qxf3 e5 8. g4
Be7 9. Bd2 Qb6 10. O-O-O h6 11. Qg3 Qc7 12. Kb1 O-O-O 13. f4 a6 14. Bg2 Kb8 15.
Qh2 exd4 $11 1/2-1/2

[Event "Open A plancoet 2013"]
[Site "?"]
[Date "2013.08.01"]
[Round "7"]
[White "Bitan, Barnerjee"]
[Black "Otmani, Kamel"]
[Result "1-0"]
[WhiteElo "2295"]
[BlackElo "2101"]
[Annotator "Pierre-Jean Allory"]
[PlyCount "59"]

1. d4 Nf6 2. c4 c5 3. d5 b5 4. Nf3 d6 5. cxb5 a6 6. b6 Nbd7 7. Nc3 g6 8. e4 Bg7
9. a4 Qxb6 10. a5 Qc7 11. Be2 O-O 12. O-O Re8 13. Nd2 e6 14. dxe6 Rxe6 15. Bc4
Re8 16. Nf3 Bb7 17. Bf4 Ne5 18. Bxe5 dxe5 19. Ng5 Rf8 20. Qb3 h6 21. Nxf7 Rxf7
22. f4 exf4 23. e5 Nh5 24. Nd5 Qxe5 25. Nxf4 Qd4+ 26. Kh1 Raf8 27. Nxh5 Bxg2+
28. Kxg2 Qe4+ 29. Rf3 gxh5 30. Bxf7+ 1-0